Alcohol recognition - Statistics

General Stats
  • This quiz has been taken 1,455 times
  • The average score is 42 of 89
Answer Stats
Hint Answer % Correct
Bacardi Rum
97%
Smirnoff Vodka
92%
Malibu Rum
85%
Skyy Vodka
83%
Captain Morgan Rum
78%
Jameson Whiskey
78%
Grey Goose Vodka
76%
Absolut Vodka
75%
Jack Daniels Whiskey
75%
Patron Tequila
68%
Jim Beam Whiskey
68%
Bailey's Irish Cream Liqueur
66%
Don Julio Tequila
63%
Hennessy Cognac
61%
Bombay Gin
61%
Triple Sec Liqueur
61%
Kahlua Liqueur
61%
Jagermeister Liqueur
61%
Cuervo Tequila
61%
Beefeater Gin
60%
Amoretto Liqueur
59%
Johnnie Walker Scotch
59%
Wild Turkey Whiskey
59%
Tanqueray Gin
57%
Southern Comfort Liqueur
54%
Parrot Bay Rum
53%
Maker's Mark Whiskey
53%
Seagram's Whiskey
52%
Gilbeys Gin
50%
Sambuca Liqueur
49%
Creme de Noya Liqueur
48%
Glenlivet Scotch
48%
Seagram's 7 Whiskey
48%
Hendricks Gin
47%
Chambord Liqueur
47%
Cointreau Liqueur
47%
Windsor Whiskey
46%
Bushmills Whiskey
46%
Midori Liqueur
45%
Goldschlager Schnapps
45%
Belverdere Vodka
45%
Courvoisier Cognac
44%
Stolichnaya Vodka
44%
Remy Martin Cognac
42%
Godiva Liqueur
42%
Drambuie Liqueur
42%
Godiva Liqueur
42%
Blue Caracao Liqueur
42%
Dewars Scotch
42%
Myer's Dark Rum
41%
Benedictine Liqueur
40%
Tequila Rose Liqueur
40%
Rumpleminze Schnapps
40%
Chevas Rega Scotch
40%
Ketel One Vodka
40%
McClelland's Scotch
39%
After Shock Liqueur
38%
E&J Brandy
37%
Galliano Liqueur
37%
Anisette Liqueur
37%
Cutty Sark Scotch
37%
Sauza Tequila
37%
Ouzo Liqueur
36%
J&B Scotch
36%
Glenfiddich Scotch
36%
Finlandia Vodka
36%
Canadian Club Whiskey
35%
Hypnotic Liqueur
34%
Frangelico Liqueur
34%
Dr. McGillicuddy's Schnapps
34%
Shaker's Vodka
34%
Christian brother Brandy
33%
Sloe Gin Liqueur
33%
Green Chartreuse Liqueur
33%
Yukon Jack Liqueur
32%
Tia Maria Liqueur
32%
B&B Liqueur
31%
Dunphy's Whiskey
31%
Korbel Brandy
29%
Metaxa Brandy
29%
Martell Cognac
28%
Boodles Gin
28%
Old Grand Dad Whiskey
28%
Level Vodka
27%
Vox Vodka
26%
Old Overholt Whiskey
26%
Tuaca Liqueur
24%
Jeremiah Weed Vodka
23%
Effen Vodka
22%
No matching quizzes found
Score Distribution
Percent of People with Each Score
Percentile by Number Answered
Your Score History
You have not taken this quiz